| 000 | 00801nam a2200253Ia 4500 | ||
|---|---|---|---|
| 003 | OSt | ||
| 005 | 20221005055347.0 | ||
| 006 | a|||||r|||| 00| 0 | ||
| 007 | ta | ||
| 008 | 221004b |||||||| |||| 00| 0 eng d | ||
| 020 |
_a9780262017282 (hbk) _c2655.65 |
||
| 024 | _a16786 | ||
| 037 |
_b7447, 13/03/2015, Efficient Book Distributors _cTextual |
||
| 040 |
_aCRL _cCRL _beng |
||
| 041 |
_2eng _aeng |
||
| 082 | _aA:(S:4), Q2 | ||
| 100 |
_aThagard Paul _985215 |
||
| 245 | 0 |
_aCognitive science of science _b Explanation discovery and conceptual change |
|
| 260 |
_aLondon _bMIT Press England _c2012 |
||
| 300 |
_axii,365p. _ccm. |
||
| 650 | _aSCIENCE | ||
| 942 |
_hA:(S:4), Q2 _cTEXL _2cc |
||
| 999 |
_c964969 _d964969 |
||